UK Towns Quiz - Isle of Wight - Statistics

General Stats
  • This quiz has been taken 212 times
  • The average score is 10 of 17
Answer Stats
Clue Population Town % Correct
N 25,407 Newport
97%
C 14,370 Cowes
92%
R 24,096 Ryde
91%
S 11,654 Sandown
82%
V 5,567 Ventnor
82%
S 9,123 Shanklin
78%
E 8,428 East Cowes
68%
F 7,526 Freshwater
67%
B 3,561 Bembridge
58%
B 1,906 Brading
42%
G 1,035 Godshill
41%
W 3,104 Wootton
40%
S 2,052 Seaview
35%
N 1,199 Niton
33%
W 1,709 Wroxall
32%
B 1,175 Brighstone
25%
W 1,082 Winford
18%
No matching quizzes found
Score Distribution
Percent of People with Each Score
Percentile by Number Answered
Your Score History
You have not taken this quiz